00426 a2200145 4500000002100000001000700021005001700028008004100045082002100086100002400107245008300131260003200214300001000246700002400256BKB 07069420200902150853.0  a641.300685bG97R1 aGustafsson, Kerstin1 aRetailing logistics and fresh food packagingcby Kerstin Gustafsson...[et.al.] aNew DelhibKogan Pagec2011 a228p. aJonson, Gunillabc